LEADER 01544nam a2200325 u 4500 001 000000078782 003 CaOOAMICUS 005 20070226123452.0 008 040514s1982 gw u000 u ger u 020 $a3884050338 035 $a10995134 040 $aPUL$bita 100 1 $aEhrenfels, Christian von,$d1859-1932.$0(OLS)http://pul/name/52480 245 10$aWerttheorie /$cChristian von Ehrenfels ; hrsg. von Reinhard Fabian ; mit ein Einleitung von Wolfgang Grassl. 260 $aMünchen :$bPhilosophia Verlag,$cc1982. 300 $aVII, 613 p. ;$c24 cm 490 1 $aPhilosophische Schriften / Christian Von Ehrenfels ;$vBd. 1 490 1 $aPhilosophia resources library 500 $aContiene indici. 504 $aBibliografia in nota. 700 1 $aGrassl Wolfgang.$0(OLS)http://pul/name/52481 700 1 $aFabian, Reinhard.$0(OLS)http://pul/name/50596 800 1 $aEhrenfels, Christian von,$d1859-1932.$tPhilosophische Schriften$9(Ehrenfels, Christian von, 1859-1932) ;$vBd.1.$0(OLS)http://pul/nameTitle/220$0(OLS)http://pul/name/52480$0(OLS)http://pul/title/103149 830 0$aPhilosophia resources library.$0(OLS)http://pul/title/103148 850 $aPUL 852 $aPUL$W1$xSL Filosofia 1$y2$m89 G 45.1$j100971$nBK-PRI$b $qStampati$B100971$CPULBib$Z2$F100971 $HPUL92286 $81 941 1 $a8 996 $6020$a3884050338$9(OLS)http://pul/number/103332 996 $6245$aWerttheorie$9(OLS)http://pul/title/103147 996 $6260$aMünchen :$bPhilosophia Verlag$9(OLS)http://pul/publisher/75499 LEADER 01462nam a2200337 a 4500 001 000000121068 003 CaOOAMICUS 005 20100409095859.0 008 100408t2009 it u000 u ita r 020 $a978-88-6132-382-7 040 $aPUL$bita$dReb 082 $a348.45 110 1 $aItalia.$0(OLS)http://pul/name/1188 240 10$aCodice di procedura civile.$0(OLS)http://pul/title/53030 245 10$aCodice di procedura civile e leggi complementari /$ca cura di Francesco Bartolini. 250 $a18 ed. 260 $aPiacenza :$bLa tribuna,$cİ2009. 300 $a1292 p. ;$c19 cm. 490 1 $aCodici vigenti 2009 500 $aTesto su due colonne. 500 $aAggiornato con la riforma del processo civile (L. 18 giugno 2009, n. 69). 650 4$aDiritto civile$zItalia.$0(OLS)http://pul/subject/3770 700 1 $aBartolini, Francesco,$d1942-$0(OLS)http://pul/name/35926 830 0$aCodici vigenti 2009.$0(OLS)http://pul/title/144138 850 $aPUL 852 $aPUL$W1$xDP2 Diritto e Scienze Sociali 3$y110$m348. 45 BCOLL 2.46$j138818$qDDC 21$B138058$CPULBib$Z2$F138058 $H112600 $82 941 1 $a9 996 $6020$a978-88-6132-382-7$9(OLS)http://pul/number/143749 996 $6082$a348.45$9(OLS)http://pul/classification/373 996 $6245$aCodice di procedura civile e leggi complementari$9(OLS)http://pul/title/152263 996 $6260$aPiacenza :$bLa tribuna$9(OLS)http://pul/publisher/62750